000 nam a22 a 4500
999 _c57329
_d57329
003 BLK
005 20220815091147.0
008 180408b bul|||||r ||||||| ||bul||
010 _aKNG00061326000
040 _aBLK
041 _aBUL
_cBUL
080 _aПочвознание. Почвени изследвания
_b631.4
_x(075.8)
_z631.4(075.8)
100 1 _aПенков, Марин Добрев
_eпърви автор
_9254280
139 _aПенков, Марин Добрев
_bП 35
245 1 0 _aГеография на почвите с основи на почвознанието
_bУчебник за студенти по география
_cМарин Добрев Пенков.
257 _aBGR
260 _bНаука и изкуство
_c1973
_fВарна : Ст. Добрев-Странджата
_aСофия
300 _a244 с.
_bс ил., 2 л. ил.
_c22 см
380 _a63
500 _aБиблиогр. с. 237-240.
650 4 _aПочви - България
_9287541
650 4 _aПочвознание - учебници за ВУЗ
_9254988
651 4 _aБългария
_9241624
653 _aпочви
653 _aпочвознание
653 _aучебници за ВУЗ
653 _aБългария
852 _aЦб 69671
_bЦб
856 4 _qpdf
856 4 _qpdf
942 _cKNG
_n0
_s1
944 _aCR
_c13.06.2004
_kЧиталня
944 _aED
_c04.09.2015
_kМилена_Ачева
999 _d57329